Bilecik Bilecik Bilecik Bilecik Bilecik

analist (Record no. 75596)

MARC details
000 -BAŞLIK
Sabit Uzunluktaki Kontrol Alanı 00630nas a2200265 a 4500
001 - KONTROL NUMARASI
Control Dosyası S5316
003 - KONTROL NUMARASI KİMLİĞİ
Kontrol Alanı KOHA_MİRAKIL
005 - EN SON İŞLEM TARİHİ ve ZAMANI
Kontrol Alanı 20260206234655.0
022 ## - ISSN - ULUSLARARASI STANDART SERİ NUMARASI
issn 21462275
040 ## - KATALOGLAMA KAYNAĞI
Kataloglama Dili tur
Açıklama Kuralları rda
Çeviri Kurumu
041 0# - DİL KODU
Metin ya da ses kaydının dil kodu tur
044 ## - YAYINLAYAN/ÜRETEN KURULUŞUN ÜLKE KODU
ISO country code tu
050 00 - SINIFLAMA ve YER NUMARASI
Sınıflama Numarası S5316
245 0# - ESER ADI BİLDİRİMİ
Başlık analist
264 #1 - ÜRERİM, YAYIN, DAĞITIM ve TELİF BİLDİRİMİ
Yayın yeri :
Yayınlayan uluslararası stratejiik araştırmalar kurumu USAK
300 ## - FİZİKSEL TANIMLAMA
Sayfa, Cilt vb. c.
310 ## - CURRENT PUBLICATION FREQUENCY
Current publication frequency ,
Date of current publication frequency
336 ## - İÇERİK TÜRÜ
Content type term metin
Content type code txt
Source rdacontent
337 ## - MEDYA TÜRÜ
Media type term aracısız
Media type code n
Source rdamedia
338 ## - TAŞIYICI TÜRÜ
Carrier type term cilt
Carrier type code nc
Source rdacarrier
500 ## - GENEL NOT
Genel Not Düşük düzeyde katalog kaydı. Çalisma devam ediyor.
856 40 - ELEKTRONİK YER ve ERİŞİM
Kaynak Tanımlayıcı (URL) <a href=""></a>
907 ## - LOCAL DATA ELEMENT G, LDG (RLIN)
a Dergi
942 ## - EK GİRİŞ ÖGELERİ (KOHA)
Source of classification or shelving scheme Library of Congress Classification
Koha item type Periodicals
Holdings
Materyal Türü Kalıcı Konum Mevcut Konum Raf Yeri Koleksiyon Kodu Cilt Bilgisi Demirbaş Numarası Geri Çekilme Durumu Kayıp Durumu Hasarlı Durumu Kredi için değil Toplam Ödünçverme
Periodicals Prof. Dr. Azmi Özcan Kütüphanesi Prof. Dr. Azmi Özcan Kütüphanesi Arşiv Sayılar Rafı (II) Genel C., S.6 (2010) SY0010924       Ödünç verilmez